Брод през думите (Запис номер 50686)
[ съкратено ]
| 000 -Лидер | |
|---|---|
| Контролно поле с фиксирана дължина | 01272nam a2200337 c 4500 |
| 003 - Код на организацията, давaща контролен номер | |
| Контролно поле | BLK |
| 005 - Дата и час на последна редакция | |
| Контролно поле | 20231220005224.0 |
| 008 - Елементи от данни с фиксирана дължина | |
| fixed length control field | 180408b bul|||||r ||||||| ||bul|| |
| 010 ## - Наследен системен номер | |
| LC control number | KNG00054561000 |
| 020 ## - Международен стандартен номер на книга ISBN | |
| Международен стандартен номер на книга ISBN | 954-8560-83-6 |
| 040 ## - Източник на каталожния запис | |
| Идентификатор на билиотеката - собственик на записа | BLK |
| 041 ## - Код за език | |
| Код за езика на текст/звукозапис или на отделно заглавие | Български |
| Код за езика КДБФ | Български |
| Други езици | Английски |
| 080 ## - УДК | |
| Текстов определител УДК | Българска литература |
| УДК код - определител по УДК | 821.163.2 |
| УДК определител | -053.5-1 |
| УДК - код + определител | 821.163.2-053.5-1 |
| 080 ## - УДК | |
| Текстов определител УДК | Българска литература |
| УДК код - определител по УДК | 821.163.2 |
| УДК определител | -053.5-32 |
| УДК - код + определител | 821.163.2-053.5-32 |
| 139 ## - Редно поле | |
| Редна дума | Брод през думите |
| Авторски знак | Бро - Б 82 |
| 245 10 - Сведения за заглавието | |
| Заглавие | Брод през думите |
| Подзаглавни данни | Свръхмлада русенска лит. : Сборник |
| Редно поле (дума) | ред. Нели Димитрова Пигулева; худож. Огнян Балканджиев. |
| 257 ## - Страна на издаване | |
| Страна на създаване/издаване | България |
| 260 ## - Област на издателските данни | |
| Име на издателя, разпространителя и проч. | Парнас |
| Година на издаване | 2005 |
| Печатница | Русе : Авангард принт |
| 300 ## - Физическа характеристика | |
| Страници | 104 с. |
| Размери/Мащаб | 20 см |
| 380 ## - Жанр | |
| Жанр | Худож. лит. |
| 700 1# - Други автори (авторска отговорност) | |
| Лично име | Пигулева, Нели Димитрова |
| Дати, свързани с автора | 1957- |
| 9 (RLIN) | 373978 |
| 700 ## - Други автори (авторска отговорност) | |
| Лично име | Балканджиев, Огнян Георгиев |
| 9 (RLIN) | 364857 |
| 852 ## - Местоположение | |
| Форматна сигнатура | Цб 224278 |
| 852 ## - Местоположение | |
| Форматна сигнатура | К 821.163.2/Б 82 |
| 856 4# - Електронен адрес и достъп | |
| Електронен формат | pdf - файл |
| 856 4# - Електронен адрес и достъп | |
| Електронен формат | pdf - файл |
| 999 ## - СИСТЕМНИ КОНТРОЛНИ НОМЕРА | |
| Koha biblionumber | 50686 |
| Koha biblioitemnumber | 50686 |
| 942 ## - АРТИКУЛИ | |
| Вид на библиотечния материал | Книги |
| Скрит в OPAC | Не |
| Периодичен библиозапис | Да |
| 944 ## - СЪЗДАВАНЕ И РЕДАКЦИЯ на ЗАПИСА | |
| Създаване/Редакция | Създаване |
| Дата на регистрацията/редакция | 27.06.2005 |
| Служител, извършил регистрацията/редакцията | |
| Статус, дата на статуса | CRON CRON |
| 944 ## - СЪЗДАВАНЕ И РЕДАКЦИЯ на ЗАПИСА | |
| Създаване/Редакция | Редакция |
| Дата на регистрацията/редакция | 21.02.2007 |
| 999 ## - СИСТЕМНИ КОНТРОЛНИ НОМЕРА | |
| Koha biblioitemnumber | 50686 |
| Код за отписване | Код за изгубен артикул | Код за повреда | Коз за рестрикции | Код за отдаване | Артикулен № | Име на библиотеката - собственик | Име на библиотеката, в която се намира в момента | Статус (Текущо местоположение) | Дата на вписване в системата | Местоположение - отдел | Цена в лева | Инвентарен номер | Систематично азбучна сигнатура | Баркод | Номер на екземпляра | Цена в евро | Служебна бележка | Служебен тип на артикула | Източник на класификационната схема |
|---|---|---|---|---|---|---|---|---|---|---|---|---|---|---|---|---|---|---|---|
| Не е изгубен | Не е повреден | без рестрикции | заемане за дома | 79228 | Регионална библиотека "Любен Каравелов" Русе | Регионална библиотека "Любен Каравелов" Русе | Заемна - подръчен фонд | 2005-06-27 | Заемна - подръчен фонд | 4.00 | 120000695133 | П 886.7-1/Б 82 | 120000695133 | 1 | 2.05 | Дост: DA Вид: А N: 16 Дата: 27.06.2005 Дата инв: 15.02.2018 Бележки инв: П2018 | Книги | ||
| Не е изгубен | Не е повреден | без рестрикции | ползва се в читалня | 79229 | Регионална библиотека "Любен Каравелов" Русе | Регионална библиотека "Любен Каравелов" Русе | Краезнание | 2005-06-27 | Краезнание | 4.00 | 120000695134 | К 821.163.2/Б 82 | 120000695134 | 2 | 2.05 | Дост: DA Вид: А N: 16 Дата: 27.06.2005 Дата инв: 07.11.2017 Бележки инв: К2017 | Книги | Universal Decimal Classification | |
| Не е изгубен | Не е повреден | без рестрикции | ползва се в читалня | 79230 | Регионална библиотека "Любен Каравелов" Русе | Регионална библиотека "Любен Каравелов" Русе | Хранилище | 2007-02-20 | Хранилище | 4.00 | 120000709909 | Цб 224278 | 120000709909 | 3 | 2.05 | Дост: Dp Вид: Д N: 16 Дата: 29.03.2006 | Книги |